000 00535nam a2200205Ia 4500
003 OSt
005 20250128102825.0
008 210716s1979 xx 000 0 und d
020 _a0449242072
040 _cAIMIT LIBRARY
041 _aeng
082 _a808.83
_21
_bSTEM
100 _aStewart, Mary.
_9195736
245 _aLast enchantment /
_cBy Mary Stewart.
250 _a1st ed.
260 _aNew York :
_bFawcett Books ;
_c1979.
300 _a480p. ;
_bPB
_c17 cm.
440 _vI&II
942 _2ddc
_cBK
_e1st ed.
_k808.83 STEM
999 _c200368
_d200368